| 000 | 00928nam a2200217 i 4500 | ||
|---|---|---|---|
| 001 | 189606 | ||
| 003 | ES-MaACL | ||
| 005 | 20230906223519.0 | ||
| 007 | t| | ||
| 008 | 190625s1964 sp r ||||1| spa d | ||
| 100 | 0 |
_aBustamante Ezpeleta, Luis. _932873 |
|
| 245 | 1 | 0 |
_aAprovechamiento de leñas y maderas de pequeñas dimensiones de los eucalyptus globulus y camaldulensis como materia prima para pasta de celulosa / _cLuis Bustamante Ezpeleta, Alberto Caperos Sierra. |
| 260 |
_aMadrid : _bInstituto Forestal de Investigaciones y Experiencias, _c1964. |
||
| 300 |
_a173 p., 3 lám. ; _c24 cm. |
||
| 490 | 1 |
_aInstituto Forestal de Investigaciones y Experiencias ; _vAño XXXV, nº 87 |
|
| 650 | 4 |
_aCelulosa. _9158799 |
|
| 700 | 0 |
_aCaperos Sierra, Alberto. _934842 |
|
| 830 | 0 |
_aInstituto Forestal de Investigaciones y Experiencias ; _vAño XXXV, nº 87 _9181435 |
|
| 852 |
_aES-MaACL _jP-569-Bis-72 |
||
| 999 |
_c189606 _d189606 |
||